000 00592nam a2200205 i 4500
001 55160
003 ES-MaACL
005 20230906163107.0
007 t|
008 030915s1970 sp ||||1| spa d
100 1 _aDelmas, Claude.
_943546
245 1 3 _aLa estrategia nuclear /
_cClaude Delmas ; [traducción, Rosa Borja].
260 _aBarcelona :
_bA. Redondo,
_c[1970]
300 _a172 p. ;
_c18 cm.
490 1 _aColección Beta ;
_v12
700 1 _aBorja, Rosa.
_930500
830 0 _aColección Beta ;
_v12
_9182347
852 _aES-MaACL
_jC-40731
_bR.75157
999 _c55160
_d55160